| 000 | 00641cam a2200217 a 4500 | ||
|---|---|---|---|
| 001 | 897919 | ||
| 005 | 20180104040324.0 | ||
| 008 | 810501s1981 nyua bd 000 0 eng | ||
| 010 | _a 81007345 | ||
| 020 |
_a0030593379 : _c$22.95 |
||
| 040 |
_aDLC _cDLC _dDLC |
||
| 041 | _aeng | ||
| 080 | _a658.403 AND | ||
| 082 | 0 | 0 |
_a658.403 AND _219 |
| 100 | _a15 | ||
| 101 | _aJUR | ||
| 245 | 0 | 0 |
_aConcepts in judgement and decision research : _cBarry F. Anderson ... [et al.]. |
| 504 | _aBibliography: p. 272-310. | ||
| 906 |
_a7 _bcbc _corignew _d1 _eocip _f19 _gy-gencatlg |
||
| 942 |
_2ddc _cBK |
||
| 999 |
_c39660 _d39660 |
||